Statistiques concernant Les belges vainqueurs d'étapes du Tour de France (2000-....)

Cliquez ici pour prendre le quiz!

Statistiques générales

  • Ce quiz a été pris 322 fois
    (119 depuis la dernière actualisation)
  • Le résultat moyen est 24 sur 35

Statistiques - réponses

EditionEtapeEquipeVainqueur% Correct
2020Gap → Privas (étape 5)Jumbo-VismaWout Van Aert
100%
2022Dunkerque → Calais (étape 4)Jumbo-VismaWout Van Aert
100%
2022Lacapelle-Marival → Rocamadour (étape 20)Jumbo-VismaWout Van Aert
100%
2020Millau → Lavaur (étape 7)Jumbo-VismaWout Van Aert
100%
2022Dole → Lausanne (étape 8)Jumbo-VismaWout Van Aert
100%
2021Sorgues → Malaucène (étape 11)Jumbo-VismaWout Van Aert
100%
2021Libourne → Saint-Emilion (étape 20)Jumbo-VismaWout Van Aert
100%
2021Chatou → Paris-Champs-Elysées (étape 21)Jumbo-VismaWout Van Aert
100%
2019Saint-Flour → Albi (étape 10)Jumbo-VismaWout Van Aert
100%
2022Paris La Défense Arena → Paris-Champs-Elysées (étape 21)Alpecin-DeceuninckJasper Philipsen
89%
2022Rodez → Carcassonne (étape 15)Alpecin-DeceuninckJasper Philipsen
89%
2022Copenhague → Copenhague (étape 1)Quick Step-Alpha VinylYves Lampaert
87%
2011Passage de Gois → Mont des Alouettes (étape 1)Oméga Pharma-LottoPhilippe Gilbert
81%
2005La Châtaigneraie → Tours (étape 3)Quick Step-InnergeticTom Boonen
78%
2007Montpellier → Castres (étape 12)Quick Step-InnergeticTom Boonen
78%
2005Challans → Les Essarts (étape 2)Quick Step-InnergeticTom Boonen
78%
2004Montereau-Fault-Yonne → Paris-Champs-Elysées (étape 20)Quick Step-DavitamonTom Boonen
78%
2004Bonneval → Angers (étape 6)Quick Step-DavitamonTom Boonen
78%
2007Semur-en-Auxois → Bourg-en-Bresse (étape 6)Quick Step-InnergeticTom Boonen
78%
2021Oyonnax → Le Grand-Bornand (étape 8)Bahrain VictoriousDylan Teuns
75%
2019Mulhouse → La Planche des Belles Filles (étape 6)Bahrain-MeridaDylan Teuns
75%
2016Limoges → Le Lioran (étape 5)BMC RacingGreg Van Avermaet
75%
2015Muret → Rodez (étape 13)BMC RacingGreg Van Avermaet
75%
2019Mâcon → Saint-Etienne (étape 8)Lotto-SoudalThomas de Gendt
75%
2016Montpellier → Chalet Reynard (étape 12)Lotto-SoudalThomas de Gendt
75%
2021Lorient → Pontivy (étape 3)Alpecin-FenixTim Merlier
61%
2013Bastia → Ajaccio (étape 2)RadioShack-LeopardJan Bakelants
38%
2011Saint-Gaudens → Plateau de Beille (étape 14)Oméga Pharma-LottoJelle Vanendert
33%
2000Loudun → Nantes (étape 3)Mapei-Quick StepTom Steels
26%
2000Futuroscope → Loudun (étape 2)Mapei-Quick StepTom Steels
26%
2008Etampes → Paris-Champs-Elysees (étape 21)Quick StepGert Steegmans
20%
2007Dunkerque → Gand (étape 2)Quick Step-InnergeticGert Steegmans
20%
2001Pau → Lavaur (étape 15)Lotto-AdeccoRik Verbrugghe
18%
2001Calais → Anvers (étape 2)RabobankMarc Wauters
13%
2001Brive-la-Gaillarde → Montluçon (étape 17)Lotto-AdeccoSerge Baguet
5%

Distribution des résultats

Percentile par nombre de réponses

% des personnes avec chaque résultat

Votre développement - résultats

Vous n’avez pas pris ce quiz depuis la dernière actualisation